Loading...
Literature - American Literature | 0 | 4 | 0 | 0 | 40 | 65 | 93.50 | 0 | 2 |
Social Science | 0 | 3 | 1 | 0 | 25 | 57 | 86.33 | 0 | 1 |
Current Events | 0 | 2 | 0 | 1 | 20 | 100 | 104.50 | 0 | 1 |
Literature - British Literature | 0 | 2 | 1 | 0 | 15 | 58 | 86.50 | 0 | 1 |
Science - Other Science | 0 | 1 | 0 | 0 | 10 | 113 | 113.00 | 0 | 0 |
Science - Physics | 0 | 1 | 0 | 0 | 10 | 102 | 102.00 | 0 | 0 |
Painting/Sculpture | 0 | 1 | 0 | 0 | 10 | 115 | 115.00 | 0 | 0 |
History - American History | 0 | 1 | 0 | 0 | 10 | 63 | 63.00 | 0 | 0 |
Literature - European Literature | 0 | 1 | 0 | 0 | 10 | 111 | 111.00 | 0 | 0 |
Literature - World Literature | 0 | 1 | 0 | 0 | 10 | 88 | 88.00 | 0 | 0 |
Mythology | 0 | 1 | 0 | 0 | 10 | 99 | 99.00 | 0 | 0 |
History - World History | 0 | 1 | 1 | 0 | 5 | 69 | 69.00 | 0 | 0 |
Fine Arts - Classical Music | 0 | 0 | 0 | 0 | 0 | 0.00 | 0 | 0 | |
Science - Chemistry | 0 | 0 | 0 | 0 | 0 | 0.00 | 0 | 0 | |
Fine Arts - Other Fine Arts | 0 | 0 | 1 | 0 | -5 | 0.00 | 0 | 0 | |
Geography | 0 | 0 | 1 | 0 | -5 | 0.00 | 0 | 0 |